000 01726nam a2200529 i 4500
001 2769
003 KOSZ 005
005 20200527085633.0
008 200512s1986 pl a f 000 0 pol
015 _aUWD 1986/458
020 _a8320204445
035 _a991007520759705066
035 _a(PL-WaBN)b11950869-48omnis_nlop
035 _ab11950869
035 _a(OCoLC)751337181
035 _a(PL)b0000001195086
035 _a(EXLNZ-48OMNIS_NETWORK)9910372440605606
040 _aWA N
_cWA N
_dKOSZ 005/AR
046 _k1986
080 _a656.13
080 _a331.45
080 _a613.6
080 _a614.8.
100 1 _aKlimczak, Eugeniusz
_eAutor
245 1 0 _aBHP [bezpieczeństwo i higiena pracy] w bazach transportu samochodowego /
_cEugeniusz Klimczak.
260 _aWarszawa :
_bInstytut Wydawniczy Związków Zawodowych,
_c1986.
300 _a56 stron :
_bilustracje ;
_c17 cm.
336 _aTekst
_btxt
_2rdacontent
337 _aBez urządzenia pośredniczącego
_bn
_2rdamedia
338 _aWolumin
_bnc
_2rdacarrier
380 _aKsiążki
388 _a1901-2000
388 _a1945-1989
490 1 _aBiblioteczka SIP
504 _aBibliografia na stronie 53.
650 7 _aTransport
_2DBN
650 7 _aTransport samochodowy
_2DBN
650 7 _aStacje obsługi pojazdów
650 7 _aBHP
_2DBN
658 _aTransport i logistyka
658 _aBezpieczeństwo i wojskowość
710 _aInstytut Wydawniczy Związków Zawodowych
830 0 _aBiblioteczka SIP
856 _uhttp://koha.tu.koszalin.pl/cgi-bin/koha/opac-detail.pl?biblionumber=2769
_yKatalog online BPK
942 _2UKD
_cKS
999 _c2769
_d2769